000
00264nam a2200121 a 4500
005
20140414132012.0
008
110309s19uu xx 00 eng d
050
_a
VCD
_b
P93
245
_a
Prince of Egypt.
650
_a
Moises
650
_a
Egypt
999
_c
113292
_d
113292